| 000 | 00947nam a2200241Ia 4500 | ||
|---|---|---|---|
| 003 | OSt | ||
| 005 | 20200827170923.0 | ||
| 008 | 191128s2012 ck gr 000 0 spa d | ||
| 020 | _a9789587382952 | ||
| 040 |
_aCo-JMCR _cCo-JMCR |
||
| 041 | 0 | _aspa | |
| 082 | 0 | 4 |
_a371.04 / _bP986e _223 |
| 100 | 1 |
_aCastillo Sánchez, Camilo Ernesto, _ecompilador _99400 |
|
| 245 | 1 | 0 |
_a¿Todos a la escuela? : _bdesafíos de la gratuidad de la educación pública en Colombia: la Sentencia C-376 de 2010 / _ccompiladores Camilo Ernesto Castillo Sánchez, Esteban Hoyos Ceballos |
| 260 |
_aBogotá : _bUniversidad del Rosario, _c2012. |
||
| 300 |
_a155 páginas ; _c24 cm. |
||
| 490 | 0 | _aColección Debates Democráticos | |
| 505 | 0 | _aIntervenciones en el proceso constitucional | |
| 650 | 2 | 4 |
_aEducación pública _zColombia _99401 |
| 650 | 2 | 4 |
_a Política educativa _zColombia _99282 |
| 700 | 1 |
_aHoyos Ceballos, Esteban, _ecompilador _99402 |
|
| 942 |
_2ddc _cBK |
||
| 999 |
_c6083 _d6083 |
||